000 00649nam a2200229 a 4500
001 14093
003 BD-JhCC
005 20241208115703.0
008 241208b2017 n |||| ||a| 001 0 eng d
020 _a9780099575061
035 _a(BD-JhCC)14093
040 _aBD-JhCC
_dBD-JhCC
041 _aenglish
082 _a808.8
_bSAP 2017
100 _a Sapolsky, Robert M.
245 _aBehave:
_bThe Biology of Humans at Our Best and Worst /
_c Robert M. Sapolsky .
260 _aLondon:
_bpenguin;
_c2017.
300 _a790 p. :
_bill;
_c20 cm
651 _aForeign Language Books: Essay,
_z Articles & Research
942 _2ddc
_cBK
999 _c14093
_d14093